Project Zomboid - Spawn Locations - Statistics

General Stats
  • This quiz has been taken 52 times
  • The average score is 4 of 5
Answer Stats
Location % Correct
Rosewood
88%
West Point
88%
Riverside
83%
Muldraugh
70%
Echo Creek
25%
No matching quizzes found
Score Distribution
Percent of People with Each Score
Percentile by Number Answered
Your Score History
You have not taken this quiz